000 01106nam a2200229Ia 4500
999 _c3689
_d3689
003 OSt
005 20200413121341.0
008 191128s2004 ck gr 000 0 spa d
020 _a9589604463
040 _aCO-JMCR
_cCO-JMCR
041 0 _aspa
082 0 4 _a323.109861 /
_bC733d
_221
110 1 _aColombia.
_bComité Permanente por la Defensa de los Derechos Humanos
_92929
245 1 0 _aDerechos humanos en Colombia, veinticinco años itinerario de una historia :
_bcomité Permanente por la Defensa de los Derechos Humanos 1979 - 2004 /
250 _aPrimera edición
260 _aBogotá :
_bComité Permanente por la Defensa de los Derechos Humanos,
_c2004
300 _a246 Páginas ;
_c24 cm.
505 0 _aComposición actual del comité -- Biografía de Alfredo Vázquez Carriosa -- Integrantes y colaboradores del comité permanente por la defensa de los derechos hmanos asesinados entre 1938 y 2003 -- Víctimas de la vioencia política 1966-2003
650 1 4 _aDesplazamiento forzado
_zColombia
_92930
650 1 4 _aDerechos humanos
_xhistoria
_y1979-2004
_zColombia
_92931
942 _2ddc
_cBK